000 00180 a2200097 4500
001 41471
100 _a
245 _aQuran
260 _aLahore
_bTaj Cp
_c
090 _c25635
_d25635
942 _aNUST-CAE
_cm
_c17375
999 _c276544
_d276544